| 000 | 00659nam a2200229Ia 4500 | ||
|---|---|---|---|
| 003 | OSt | ||
| 005 | 20220926031203.0 | ||
| 006 | a|||||r|||| 00| 0 | ||
| 007 | ta | ||
| 008 | 220923b |||||||| |||| 00| 0 eng d | ||
| 037 | _cGeneral Book | ||
| 040 |
_aRTL _cRTL _beng |
||
| 041 |
_2eng _aeng |
||
| 082 | _aX6212.7317.N97r, N7 | ||
| 110 |
_aFEDERAL RESERVE BANK OF RICHMAND _9335243 |
||
| 245 | 0 | _aAnnual report,1997. | |
| 260 |
_aRichmond _bFederal Reserve Bank _c1997 |
||
| 300 |
_a39p. _ccm. |
||
| 700 |
_aFEDERAL RESERVE BANK OF RICHMAND _9335244 |
||
| 942 |
_hX6212.7317.N97r, N7 _cGB _2CC |
||
| 999 |
_c651779 _d651779 |
||